[Event "Benasque op 43rd"]
[Site "Benasque"]
[Date "2024.07.11"]
[Round "7"]
[White "Otero Marino, Alain"]
[Black "Martin Echeandia, Ibon"]
[Result "1-0"]
[WhiteElo "2280"]
[BlackElo "2027"]
[PlyCount "89"]
[EventDate "2024.07.05"]
[EventType "swiss"]
[EventRounds "10"]
[EventCountry "ESP"]
[SourceTitle "CBM 221 Extra"]
[Source "ChessBase"]
[SourceDate "2024.09.30"]
[SourceVersion "1"]
[SourceVersionDate "2024.09.30"]
[SourceQuality "1"]

1. e4 e5 2. Nf3 Nc6 3. Bb5 a6 4. Ba4 Nf6 5. 0-0 Be7 6. Re1 b5 7. Bb3 0-0 8. c3 d5 9. exd5 Nxd5 10. Nxe5 Nxe5 11. Rxe5 Nf6 12. d4 Bd6 13. Re1 Ng4 14. h3 Nxf2 15. Qf3 Qh4 16. Re2 Bxh3 17. gxh3 Nxh3+ 18. Kf1 Nf4 19. Bxf4 Bxf4 20. Nd2 Rae8 21. Rae1 Re6 22. Bxe6 fxe6 23. Rf2 Bd6 24. Qg2 Rxf2+ 25. Qxf2 Bg3 26. Nf3 Qh1+ 27. Ke2 Qh3 28. Ng5 Bxf2 29. Nxh3 Bxe1 30. Kxe1 h6 31. Nf4 Kf7 32. Kf2 g5 33. Nd3 a5 34. b3 Kf6 35. a4 c6 36. Ne5 bxa4 37. bxa4 c5 38. Ng4+ Kf5 39. dxc5 e5 40. c6 Ke6 41. Nxe5 Kd6 42. c4 h5 43. Kg3 Kc7 44. c5 Kb8 45. Nc4 1-0

[Event "Benasque op 43rd"]
[Site "Benasque"]
[Date "2024.07.06"]
[Round "2"]
[White "Martin Echeandia, Ibon"]
[Black "Rathanvel, VS."]
[Result "0-1"]
[WhiteElo "2027"]
[BlackElo "2474"]
[PlyCount "68"]
[EventDate "2024.07.05"]
[EventType "swiss"]
[EventRounds "10"]
[EventCountry "ESP"]
[SourceTitle "CBM 221 Extra"]
[Source "ChessBase"]
[SourceDate "2024.09.30"]
[SourceVersion "1"]
[SourceVersionDate "2024.09.30"]
[SourceQuality "1"]

1. e4 c5 2. c3 Nf6 3. e5 Nd5 4. d4 cxd4 5. Nf3 d6 6. cxd4 Nc6 7. a3 g6 8. Bc4 dxe5 9. dxe5 Be6 10. Qb3 a6 11. Bd2 b5 12. Bxd5 Bxd5 13. Qe3 Bg7 14. Bc3 Bxf3 15. Qxf3 Nxe5 16. Bxe5 Bxe5 17. Qc6+ Kf8 18. 0-0 Bxb2 19. Ra2 Bf6 20. Nd2 Kg7 21. Ne4 Qe8 22. Qd5 Qd8 23. Qb3 e6 24. Re2 Bd4 25. Rfe1 Rc8 26. h4 Qd5 27. Qg3 h6 28. Kh1 Qf5 29. Qb3 e5 30. a4 Qg4 31. axb5 Qxh4+ 32. Kg1 Rb8 33. Qa3 axb5 34. Nd6 b4 0-1

[Event "ESP-chT CECLUB Div2"]
[Site "Linares"]
[Date "2023.08.13"]
[Round "1.4"]
[White "Martin Echeandia, Ibon"]
[Black "Terron Elena, Francisco Miguel"]
[Result "0-1"]
[WhiteElo "2053"]
[BlackElo "2127"]
[PlyCount "62"]
[EventDate "2023.08.13"]
[EventType "team-swiss"]
[EventRounds "7"]
[EventCountry "ESP"]
[SourceTitle "EXT 2024"]
[Source "ChessBase"]
[SourceDate "2023.10.10"]
[SourceVersion "1"]
[SourceVersionDate "2023.10.10"]
[SourceQuality "1"]
[WhiteTeam "Abadino"]
[BlackTeam "Prodomasa Coin"]
[WhiteTeamCountry "ESP"]
[BlackTeamCountry "ESP"]

1. e4 e5 2. Nf3 Nc6 3. Bb5 a6 4. Ba4 Nge7 5. 0-0 g6 6. d4 exd4 7. Nxd4 Bg7 8. Be3 0-0 9. Nc3 d6 10. Qd2 Nxd4 11. Bxd4 Bxd4 12. Qxd4 b5 13. Nxb5 axb5 14. Bxb5 Ba6 15. Bxa6 Rxa6 16. f4 Qa8 17. Kh1 Rxa2 18. Rxa2 Qxa2 19. f5 f6 20. h4 Qf7 21. Qc3 c6 22. Qg3 d5 23. Rf4 dxe4 24. fxg6 hxg6 25. Rxe4 Nf5 26. Qe1 Qd5 27. Rg4 Kf7 28. Ra4 Re8 29. Qf2 Qd1+ 30. Kh2 Re1 31. Ra7+ Ke6 0-1

[Event "Euskadi-chT"]
[Site "Bergara"]
[Date "2010.01.23"]
[Round "3.4"]
[White "Agirretxe San Sebastian, Jesus Maria"]
[Black "Martin Echeandia, Ibon"]
[Result "0-1"]
[WhiteElo "2153"]
[BlackElo "2195"]
[PlyCount "48"]
[EventDate "2010.01.09"]
[EventType "team-tourn"]
[EventRounds "9"]
[EventCountry "ESP"]
[SourceTitle "EXT 2011"]
[Source "ChessBase"]
[SourceDate "2010.11.26"]
[SourceVersion "1"]
[SourceVersionDate "2010.11.26"]
[SourceQuality "1"]

1. d4 f5 2. e4 fxe4 3. Nc3 Nf6 4. Bg5 g6 5. Bxf6 exf6 6. Nxe4 d5 7. Nc3 Bg7 8. Bd3 0-0 9. Nge2 Nc6 10. 0-0 f5 11. Bb5 f4 12. f3 Ne7 13. Qd2 Nf5 14. Nxf4 c6 15. Rae1 cxb5 16. Nfxd5 Bxd4+ 17. Kh1 Bxc3 18. bxc3 Bd7 19. Qf4 Bc6 20. Nc7 Nd6 21. Qg3 Qxc7 22. Re6 Ne8 23. Qh4 Qf4 24. Qe1 Ng7 0-1

[Event "Mondragon Arrasate Hiria op 4th"]
[Site "Mondragon"]
[Date "2004.10.22"]
[Round "5.1"]
[White "Mindeguia Guruceaga, Juan Jesus"]
[Black "Martin Echeandia, Ibon"]
[Result "1-0"]
[WhiteElo "2113"]
[BlackElo "2222"]
[PlyCount "51"]
[EventDate "2004.09.24"]
[EventType "swiss"]
[EventRounds "6"]
[EventCountry "ESP"]
[SourceTitle "CBM 103 Extra"]
[Source "ChessBase"]
[SourceDate "2005.01.01"]
[SourceVersion "1"]
[SourceVersionDate "2005.01.01"]
[SourceQuality "1"]

1. e4 d5 2. exd5 Nf6 3. d4 Qxd5 4. c4 Qe4+ 5. Ne2 e6 6. Nbc3 Bb4 7. Be3 Ng4 8. Qd2 Nxe3 9. fxe3 Qg4 10. a3 Be7 11. Nf4 g5 12. Be2 Qh4+ 13. g3 Qh6 14. Nd3 Bd7 15. 0-0-0 Nc6 16. Ne4 b6 17. Qc3 0-0-0 18. d5 exd5 19. cxd5 Na5 20. Ne5 Ba4 21. d6 Bxd6 22. Nxf7 Qg6 23. Nexd6+ Kb8 24. Nxh8 Qe6 25. Bc4 Nxc4 26. Nxc4 1-0

[Event "Euskadi-ch"]
[Site "Euskadi"]
[Date "2000.??.??"]
[Round "2"]
[White "Izeta Txabarri, Felix"]
[Black "Martin Echeandia, Ibon"]
[Result "1-0"]
[WhiteElo "2499"]
[BlackElo "2221"]
[PlyCount "82"]
[EventDate "2000.??.??"]
[EventType "swiss"]
[EventRounds "7"]
[EventCountry "ESP"]
[SourceTitle "EXT 2001"]
[Source "ChessBase"]
[SourceDate "2000.11.22"]
[SourceVersion "1"]
[SourceVersionDate "2000.11.22"]
[SourceQuality "1"]

1. d4 g6 2. g3 Bg7 3. Bg2 d6 4. Nf3 f5 5. 0-0 Nf6 6. b4 0-0 7. Bb2 h6 8. c4 e6 9. Nc3 Nc6 10. b5 Ne7 11. Qc2 g5 12. e4 Ng6 13. Rfe1 g4 14. Nd2 Nh5 15. exf5 exf5 16. Nd5 Rb8 17. a4 c6 18. Nb4 a5 19. bxa6 Qg5 20. axb7 Bxb7 21. Nxc6 Bxc6 22. Bxc6 f4 23. Ne4 Qf5 24. Qd2 fxg3 25. hxg3 Nhf4 26. gxf4 Nxf4 27. Ra3 Nh3+ 28. Kf1 Kh8 29. Rg3 Rb6 30. Bb5 Rb7 31. d5 Bxb2 32. Qxb2+ Kg8 33. c5 Rbf7 34. Re2 Qxd5 35. Rxg4+ Kh7 36. Qc2 Rf5 37. Bd7 h5 38. Rg3 Nxf2 39. Nxf2 Qh1+ 40. Rg1 Qh3+ 41. Ke1 Qf3 1-0